Тесты, тесты, тесты...Элементарный уровень. Базовый уровень. 1 сертификационный уровень: пособие для подготовки к сертификационному экзамену по лексике и грамматике

Opis bibliograficzny
Kolejni autorzy: Капитонова Т. И., Бапранова И. И., Мальцева М. Ф., Никитина Е. А., Никитина О. М.
Streszczenie:Данное пособие представляет собой набор тренировочных тестов по грамматике русского языка (элементарный уровень, базовый уровень, I сертификационный уровень) и предназначено для подготовки иностранных учащихся к тестированию на I уровень владения русским языком как иностранным.
Język:rosyjski
Wydane: Санкт-Петербург, Златоуст, 2011
Wydanie:5-е изд.
Hasła przedmiotowe:
Format: Książka
KOHA link:https://koha.lib.tpu.ru/cgi-bin/koha/opac-detail.pl?biblionumber=229276

MARC

LEADER 00000nam0a2200000 4500
001 229276
005 20231101230930.0
010 |a 9785865474067 
035 |a (RuTPU)RU\TPU\book\249875 
035 |a RU\TPU\book\249865 
090 |a 229276 
100 |a 20130110d2011 m y0rusy50 ca 
101 0 |a rus 
102 |a RU 
105 |a y j 000zy 
200 1 |a Тесты, тесты, тесты...Элементарный уровень. Базовый уровень. 1 сертификационный уровень  |e пособие для подготовки к сертификационному экзамену по лексике и грамматике  |f Т. И. Капитонова [и др.] 
205 |a 5-е изд. 
210 |a Санкт-Петербург  |c Златоуст  |d 2011 
215 |a 140 с. 
330 |a Данное пособие представляет собой набор тренировочных тестов по грамматике русского языка (элементарный уровень, базовый уровень, I сертификационный уровень) и предназначено для подготовки иностранных учащихся к тестированию на I уровень владения русским языком как иностранным. 
606 1 |a Русский язык  |x Для других народов  |x Учебные руководства и пособия  |2 stltpush  |3 (RuTPU)RU\TPU\subj\26400  |9 50340 
610 1 |a лексика 
610 1 |a грамматика 
610 1 |a разговорная речь 
610 1 |a тесты 
610 1 |a сертификаты 
686 |a Ш141.2-96  |v LBC/SL-A  |2 rubbk 
701 1 |a Капитонова  |b Т. И. 
701 1 |a Бапранова  |b И. И. 
701 1 |a Мальцева  |b М. Ф. 
701 1 |a Никитина  |b Е. А. 
701 1 |a Никитина  |b О. М. 
801 1 |a RU  |b 63413507  |c 20130110 
801 2 |a RU  |b 63413507  |c 20190220  |g RCR 
942 |c BK